| 000 | 00392nam a2200181Ia 4500 | ||
|---|---|---|---|
| 003 | IT-RoPAU | ||
| 008 | 120407s9999 xx 000 0 und d | ||
| 040 | _aIT-RoPAU | ||
| 040 | _cIT-RoPAU | ||
| 100 | _aMichael Schmaus | ||
| 245 | _aDogmatica cattolica | ||
| 250 | _aTorino | ||
| 260 | _aMarietti | ||
| 300 | _c cm | ||
| 490 | _v5 | ||
| 600 | _a (vol. 1-2-3/1-4/2 doppi) | ||
| 942 | _cBK | ||
| 999 |
_c8027 _d8027 |
||